Detalles MARC
| 000 -LEADER |
| fixed length control field |
01787 am a2200493 a 4500 |
| 005 - FECHA ULTIMA MODIFICACION |
| control field |
20120417102253.0 |
| 008 - CAMPO DE CONTROL (LIBRO) |
| fixed length control field |
100511s1992||||ag a f |||| 000 0 spa d |
| 020 ## - INTERNATIONAL STANDARD BOOK NUMBER |
| ISBN |
9509018686 |
| 041 ## - CODIGO DE IDIOMA |
| Código de idioma del texto/pista de sonido o título separado |
spa |
| 092 ## - SIGNATURA TOPOGRAFICA DEWEY LOCAL |
| número de clasificación |
616.5 |
| libristica |
77 |
| sección |
SAN |
| 100 1# - ENTRADA PRINCIPAL--NOMBRE PERSONAL |
| Nombre personal |
Sánchez, César Federico. |
| 9 (RLIN) |
216 |
| 245 ## - TITULO PROPIAMENTE DICHO |
| Título |
Celulitis : Su tratamiento médico y cosmetológico / |
| Mención de responsabilidad y remanente de la transcripción de la portada |
César Federico Sánchez. |
| 250 ## - MENCION DE EDICION |
| Mención de edición |
3a ed. |
| 260 ## - PIE DE IMPRENTA |
| Lugar de publicación, distribución, etc |
Buenos Aires : |
| Nombre de la editorial, distribuidor, etc |
Celcius, |
| Fecha de publicación |
1992. |
| 300 ## - DESCRIPCION FISICA |
| Extension |
230 p. |
| Otros detalles físicos |
il. |
| 590 ## - NOTAS LOCALES (RLIN) |
| Nota local |
Donación Cecilia Fontana, 2007 |
| 653 ## - TÉRMINO INDIZADO - PALABRAS CLAVES |
| Palabra clave |
Definición. Etiología |
| 653 ## - TÉRMINO INDIZADO - PALABRAS CLAVES |
| Palabra clave |
Histología del tejido conectivo |
| 653 ## - TÉRMINO INDIZADO - PALABRAS CLAVES |
| Palabra clave |
Histoquímica |
| 653 ## - TÉRMINO INDIZADO - PALABRAS CLAVES |
| Palabra clave |
Patogenia |
| 653 ## - TÉRMINO INDIZADO - PALABRAS CLAVES |
| Palabra clave |
Clasificación de la celulitis |
| 653 ## - TÉRMINO INDIZADO - PALABRAS CLAVES |
| Palabra clave |
Examen semiológico |
| 653 ## - TÉRMINO INDIZADO - PALABRAS CLAVES |
| Palabra clave |
Tratamiento de orden general |
| 653 ## - TÉRMINO INDIZADO - PALABRAS CLAVES |
| Palabra clave |
Tratamiento específico de la celulitis |
| 653 ## - TÉRMINO INDIZADO - PALABRAS CLAVES |
| Palabra clave |
Tratamiento medicamentoso |
| 653 ## - TÉRMINO INDIZADO - PALABRAS CLAVES |
| Palabra clave |
Tratamiento físico-mecánico |
| 653 ## - TÉRMINO INDIZADO - PALABRAS CLAVES |
| Palabra clave |
Radiaciones electromagnéticas |
| 653 ## - TÉRMINO INDIZADO - PALABRAS CLAVES |
| Palabra clave |
Nociones esenciales de la electricidad |
| 653 ## - TÉRMINO INDIZADO - PALABRAS CLAVES |
| Palabra clave |
Rayos infrarrojos y ultravioletas |
| 653 ## - TÉRMINO INDIZADO - PALABRAS CLAVES |
| Palabra clave |
Tratamiento por corriente galvánica |
| 653 ## - TÉRMINO INDIZADO - PALABRAS CLAVES |
| Palabra clave |
Tratamiento por corriente farádica |
| 653 ## - TÉRMINO INDIZADO - PALABRAS CLAVES |
| Palabra clave |
Tratamiento por alta frecuencia |
| 653 ## - TÉRMINO INDIZADO - PALABRAS CLAVES |
| Palabra clave |
Tratamiento por ultrasonido |
| 653 ## - TÉRMINO INDIZADO - PALABRAS CLAVES |
| Palabra clave |
Tratamiento por rayo láser |
| 653 ## - TÉRMINO INDIZADO - PALABRAS CLAVES |
| Palabra clave |
Tratamiento quirúrgico |
| 653 ## - TÉRMINO INDIZADO - PALABRAS CLAVES |
| Palabra clave |
Alimentación ideal |
| 653 ## - TÉRMINO INDIZADO - PALABRAS CLAVES |
| Palabra clave |
Gimnasia y fisiatría |
| 653 ## - TÉRMINO INDIZADO - PALABRAS CLAVES |
| Palabra clave |
Esquema referencial para el tratamiento de la celulitis |
| 700 ## - ENTRADAS SECUNDARIAS - NOMBRE PERSONAL |
| Nombre personal |
Tropper de Ferrari, Ursula |
| Función |
Colaboradoras |
| 9 (RLIN) |
217 |
| 700 ## - ENTRADAS SECUNDARIAS - NOMBRE PERSONAL |
| Nombre personal |
Guili, Mirta Cristina de |
| Función |
Colaboradoras |
| 9 (RLIN) |
218 |
| 930 ## - NUMERO DE INVENTARIO |
| Número de inventario |
1809 |
| 942 ## - ADDED ENTRY ELEMENTS (KOHA) |
| Source of classification or shelving scheme |
Dewey Decimal Classification |
| Item type |
Libros |